000 01379nam a2200361 a 4500
001 ebr10648923
003 CaPaEBR
006 m u
007 cr cn|||||||||
008 981029s1999 nyu sb 001 0 eng d
010 _z 98043650
020 _z0801432014 (cloth alk. paper)
020 _z080148295X (paper alk. paper)
020 _z9780801482953 (pbk. alk. paper)
020 _z9780801467196 (e-book)
040 _aCaPaEBR
_cCaPaEBR
035 _a(OCoLC)828738006
050 1 4 _aU21.2
_b.V34 1999eb
082 0 4 _a355.02/7
_221
100 1 _aVan Evera, Stephen.
245 1 0 _aCauses of war
_h[electronic resource] :
_bpower and the roots of conflict /
_cStephen Van Evera.
260 _aIthaca :
_bCornell University Press,
_c1999.
300 _aviii, 268 p.
440 0 _aCornell studies in security affairs
504 _aIncludes bibliographical references and index.
533 _aElectronic reproduction.
_bPalo Alto, Calif. :
_cebrary,
_d2013.
_nAvailable via World Wide Web.
_nAccess may be limited to ebrary affiliated libraries.
650 0 _aWar.
650 0 _aBalance of power.
650 0 _aInternational relations
_vCase studies.
655 7 _aElectronic books.
_2local
710 2 _aebrary, Inc.
856 4 0 _uhttp://site.ebrary.com/lib/rucke/Doc?id=10648923
_zAn electronic book accessible through the World Wide Web; click to view
999 _c34799
_d34799